Statistiken für Formel 1 Teamwertung 2023

Klicken Sie hier um das Quiz zu spielen!

Allgemein

  • Dieses Quiz wurde 167 mal gespielt
  • Das Durchschnittsergebnis liegt bei 9 aus 10

Antwortstatistiken

PlatzierungPunkteTeam% Korrekt
1860Red Bull Racing-Honda RBPT
100%
2409Mercedes
99%
3406Ferrari
98%
4302McLaren-Mercedes
97%
1012Haas-Ferrari
92%
5280Aston Martin Aramco-Mercedes
91%
728Williams-Mercedes
88%
6120Alpine-Renault
86%
825AlphaTauri-Honda RBPT
85%
916Alfa Romeo-Ferrari
79%

Verteilung der Resultate

Perzentil nach korrekt beantworteten Fragen

Anzahl Personen mit jedem Resultat

Ihre Resultats-Entwicklung

Sie haben dieses Quiz noch nicht gespielt